000 00341nam a2200133Ia 4500
008 150201s2014 xx 000 0 und d
082 _a617.525
_bH2012W
100 _aWATKINSON ,J.C
245 _aTEXT BOOK OF HEAD ,NECK SURGERY & ONCOLOGY
250 _a5TH
260 _bHODDER ARNOLD PUBLICATION
650 _aSURGERY
942 _2ddc
_cBK
_01
999 _c4887
_d4887